[Event "AUTO-INT-1045"]
[Site "http://www.queenalice.com/game.php?id=466635"]
[Date "2008.9.22"]
[Round "1"]
[White "robertolm"]
[Black "Fugape"]
[Result "0-1"]
[WhiteElo "1312"]
[BlackElo "1337"]

1. e4 Nc6 2. Nf3 d6 3. Nc3 Nf6 4. Bb5 Bd7 5. O-O e5 6. Bxc6 Bxc6 7. d3 d5 8.
exd5 Nxd5 9. Nxe5 Qf6 10. d4 Bd6 11. Nxc6 bxc6 12. Nxd5 Qh6 13. Bxh6 gxh6 0-1

[Event "AUTO-INT-1045"]
[Site "http://www.queenalice.com/game.php?id=466636"]
[Date "2008.9.22"]
[Round "1"]
[White "Fugape"]
[Black "robertolm"]
[Result "1-0"]
[WhiteElo "1352"]
[BlackElo "1297"]

1. e4 e5 2. Nf3 Nc6 3. Bc4 Nf6 4. d3 Bc5 5. O-O O-O 6. Ng5 d5 7. Nc3 dxc4 8.
dxc4 Qxd1 9. Nxd1 Nd4 10. Ne3 Ne2+ 11. Kh1 Nxc1 12. Raxc1 Be6 13. Nxe6 fxe6 14.
Rfe1 1-0

[Event "AUTO-INT-1045"]
[Site "http://www.queenalice.com/game.php?id=466647"]
[Date "2008.9.22"]
[Round "1"]
[White "AGVrpchessplayer"]
[Black "Fugape"]
[Result "1-0"]
[WhiteElo "1621"]
[BlackElo "1379"]

1. e4 Nc6 2. Nf3 e5 3. Bb5 Nd4 4. Nxd4 exd4 5. c3 Bc5 6. Bc4 Nh6 7. d3 Qf6 8.
O-O dxc3 9. Nxc3 Qg6 10. d4 Bd6 11. e5 Bb4 12. Bd3 Nf5 13. Qc2 b6 14. Nd5 O-O
15. Bxf5 Qc6 16. Qxc6 dxc6 17. Bxh7+ Kxh7 18. Nxb4 Bb7 19. Nd3 Rad8 20. Be3 f6
21. Rad1 Rde8 22. f4 Kh6 23. f5+ Kh7 24. e6 a5 25. Rf3 c5 26. Rh3+ Kg8 27. dxc5
b5 28. Nf4 Be4 29. Ng6 Bxf5 30. Rh8# 1-0

[Event "AUTO-INT-1045"]
[Site "http://www.queenalice.com/game.php?id=466648"]
[Date "2008.9.22"]
[Round "1"]
[White "Fugape"]
[Black "AGVrpchessplayer"]
[Result "0-1"]
[WhiteElo "1360"]
[BlackElo "1662"]

1. g3 d5 2. Bg2 c5 3. d4 e6 4. Be3 Nd7 5. dxc5 Bxc5 6. Bxc5 Nxc5 7. Nc3 Nf6 8.
b4 Ncd7 9. b5 Qa5 10. Qd3 Nc5 11. Qd4 Nce4 12. Nf3 Nxc3 13. a4 Nxb5+ 14. Qd2
Qxd2+ 15. Kxd2 Ne4+ 16. Ke1 Nbc3 17. Nd2 Bd7 18. a5 Bb5 19. h4 f5 20. f3 Nxg3
21. Rh3 f4 22. Bf1 e5 23. Kf2 e4 24. Re1 e3+ 25. Kg2 exd2 26. Ra1 Nxf1 27. Kxf1
Nxe2 28. Rh2 Nc1+ 29. Kf2 d1=Q 0-1

[Event "AUTO-INT-1045"]
[Site "http://www.queenalice.com/game.php?id=466655"]
[Date "2008.9.22"]
[Round "1"]
[White "Fugape"]
[Black "joaoreis001"]
[Result "0-1"]
[WhiteElo "1352"]
[BlackElo "1868"]

1. e4 Nc6 2. Nf3 d6 3. Be2 Nf6 4. d4 Nxe4 5. Be3 d5 6. Nbd2 Bg4 7. Nxe4 dxe4 8.
Ne5 Bxe2 9. Qxe2 e6 10. O-O Nxe5 11. dxe5 c6 12. Rad1 Qc7 13. Bf4 f5 14. Rd6
Bxd6 15. exd6 Qd7 16. Qh5+ g6 17. Qg5 O-O 18. Bg3 Rae8 19. h4 Qd8 20. Qh6 e5 0-1

[Event "AUTO-INT-1045"]
[Site "http://www.queenalice.com/game.php?id=466656"]
[Date "2008.9.22"]
[Round "1"]
[White "joaoreis001"]
[Black "Fugape"]
[Result "1-0"]
[WhiteElo "1870"]
[BlackElo "1350"]

1. e4 g6 2. Bc4 Nh6 3. d4 Bg7 4. h3 c6 5. Nf3 b5 6. Bb3 a5 7. a4 Bb7 8. axb5
cxb5 9. Bg5 Bxe4 10. Nbd2 d5 11. Nxe4 dxe4 12. Bxh6 Bxh6 13. Ne5 O-O 14. c3 a4
15. O-O axb3 16. Rxa8 Qd6 17. Qe2 b4 18. Qc4 e6 19. Qxb4 Qxb4 20. cxb4 Nd7 21.
Rxf8+ 1-0

[Event "Jogo Rápido"]
[Site "http://www.queenalice.com/game.php?id=466926"]
[Date "2008.9.22"]
[Round "-"]
[White "Mahalael"]
[Black "Fugape"]
[Result "0-1"]
[WhiteElo "1377"]
[BlackElo "1460"]

1. e4 Nc6 2. Nf3 d6 3. Bc4 Be6 4. b3 Nf6 5. Ng5 Bg4 6. f3 Bh5 7. g4 Bg6 8. d3 e6
9. f4 h6 10. f5 exf5 11. exf5 hxg5 12. fxg6 Qe7+ 13. Qe2 fxg6 14. Bxg5 Nd4 15.
Qe3 Nxc2+ 16. Ke2 Nxe3 17. Nd2 Nc2+ 18. Ne4 Nxa1 19. Kf3 Nc2 20. h4 Nd4+ 21. Kg3
Qe5+ 22. Bf4 Nxe4+ 23. dxe4 Qxe4 24. h5 Qxh1 25. hxg6 Qh2# 0-1

[Event "Let's Play Chess!"]
[Site "http://www.queenalice.com/game.php?id=466936"]
[Date "2008.9.23"]
[Round "-"]
[White "MarcosT"]
[Black "Fugape"]
[Result "1-0"]
[WhiteElo "1771"]
[BlackElo "1478"]

1. e4 Nc6 2. Nf3 d5 3. e5 d4 4. c3 Bg4 5. Be2 e6 6. Bb5 Ne7 7. h3 Bf5 8. Nxd4
Be4 9. O-O Qd7 10. Re1 Bd5 11. c4 Bxc4 12. Bxc6 Nxc6 13. Nxc6 Qxc6 14. b3 Bd3
15. Bb2 O-O-O 16. Nc3 f5 17. exf6 gxf6 18. Rc1 Rg8 19. Ne4 Qd5 20. Qf3 Qf5 21.
Qxf5 exf5 22. Nxf6 Rg7 23. Re8 Rxe8 24. Nxe8 Rg6 25. Nxc7 Kb8 26. a4 Bd6 27. Nb5
Bf4 28. Re1 Be4 29. f3 Bc6 30. Nd4 Bxf3 31. Nxf3 h5 32. Nd4 Rf6 33. Nb5 Rf8 34.
Be5+ Bxe5 35. Rxe5 a6 36. Nd6 1-0

[Event "Let's Play Chess!"]
[Site "http://www.queenalice.com/game.php?id=467488"]
[Date "2008.9.24"]
[Round "-"]
[White "charles31"]
[Black "Fugape"]
[Result "1-0"]
[WhiteElo "1734"]
[BlackElo "1415"]

1. e4 Nc6 2. d4 d6 3. d5 Nf6 4. f3 g6 5. Bg5 Bg7 6. dxc6 bxc6 7. Nc3 O-O 8. Bc4
e6 9. Nge2 d5 10. Bb3 Ba6 11. e5 c5 12. exf6 Bxf6 13. Bh6 Bg7 14. Qd2 Qh4+ 15.
g3 Qxh6 16. f4 c4 17. Ba4 Rab8 18. h4 f5 19. Nd4 Bc8 20. b3 Qh5 21. Nce2 Ba6 22.
Rh2 Qg4 23. O-O-O Rbc8 24. Qe3 Rf6 25. Bb5 Bxb5 26. Nxb5 c5 27. Kb2 Rf7+ 28. Kb1
Re7 29. Nd6 Ra8 30. bxc4 Rb8+ 31. Kc1 d4 32. Qd3 a6 33. Qa3 Ra8 34. Qxc5 Qf3 35.
Rd3 Qg4 36. Nxd4 e5 37. fxe5 Rxe5 38. Qb4 Bh6+ 39. Kb2 f4 40. c5 fxg3 41. Rg2
Qxh4 42. Qc4+ Kg7 43. Rgxg3 Rf8 44. Qxa6 Qe7 45. c3 Rf2+ 46. Kb3 Bc1 47. Qc6 Rf6
48. a4 Bf4 49. Rgf3 Bg5 50. Rxf6 Bxf6 51. a5 Qd8 52. Qb7+ Kh6 53. Nf7+ 1-0

[Event "Let's Play Chess!"]
[Site "http://www.queenalice.com/game.php?id=467628"]
[Date "2008.9.24"]
[Round "-"]
[White "Fugape"]
[Black "anetta007"]
[Result "0-1"]
[WhiteElo "1407"]
[BlackElo "1743"]

1. Nf3 c5 2. d4 cxd4 3. Qxd4 Nc6 4. Qd1 e5 5. Bg5 Be7 6. Bxe7 Ngxe7 7. Ng5 h6 8.
Nxf7 Kxf7 9. e3 Rf8 10. Qh5+ Kg8 11. Bc4+ d5 12. Bb3 a6 13. Nd2 Rf5 14. Qh4 Be6
15. Ne4 Kh8 16. Nc5 Qa5+ 17. c3 Qxc5 18. Bc2 Rff8 19. e4 Ng6 20. Qg3 dxe4 21.
Bxe4 Nge7 22. O-O Bc4 23. Bd3 Bxd3 24. Qxd3 Rad8 25. Qc2 Nb4 26. Qe2 Nd3 27. b4
Qxc3 28. Rab1 Nd5 29. Rbd1 N5f4 30. Qe3 Qxb4 31. g3 Nh3+ 32. Kg2 Ndf4+ 33. Kh1
Rxd1 34. Rxd1 Qa4 35. Qd2 Qe4+ 36. f3 Qxf3+ 0-1

[Event "AUTO-OPEN-1277"]
[Site "http://www.queenalice.com/game.php?id=468539"]
[Date "2008.9.26"]
[Round "1"]
[White "Kasparov1"]
[Black "Fugape"]
[Result "1-0"]
[WhiteElo "1744"]
[BlackElo "1404"]

1. e4 Nc6 2. Bb5 a6 3. Bxc6 bxc6 4. Nf3 d5 5. e5 e6 6. d4 a5 7. O-O Ba6 8. Re1
Be7 9. Nc3 Nh6 10. Bxh6 gxh6 11. a4 Rb8 12. b3 Bb4 13. Re3 Rg8 14. Ne2 h5 15.
Ng3 Rg6 16. Nxh5 Ke7 17. c3 Bd6 18. exd6+ Qxd6 19. Ne5 Rg5 20. h4 Rgg8 21. Qf3
Rbf8 22. Qf6+ Ke8 23. Ng7+ Rxg7 24. Qxg7 c5 25. Nf3 cxd4 26. Nxd4 c5 27. Nf3 e5
28. Rxe5+ Kd8 29. Qg3 f6 30. Re8+ Rxe8 31. Qxd6+ 1-0

[Event "AUTO-OPEN-1277"]
[Site "http://www.queenalice.com/game.php?id=468540"]
[Date "2008.9.26"]
[Round "1"]
[White "Fugape"]
[Black "Kasparov1"]
[Result "0-1"]
[WhiteElo "1409"]
[BlackElo "1779"]

1. Nf3 Nc6 2. Nc3 e5 3. e4 d6 4. a3 Bd7 5. Nd5 Nf6 6. Bc4 Nxe4 7. O-O Na5 8. Ba2
Nc6 9. d3 Nf6 10. Bg5 h6 11. Nxf6+ gxf6 12. Be3 Qe7 13. b4 Bg4 14. b5 Nd8 15. c4
f5 16. h3 Bh5 17. Qa4 Bxf3 18. gxf3 Rg8+ 19. Kh2 b6 20. Rfe1 f4 21. Bd2 Ne6 22.
Qb4 Ng5 23. Kh1 Nxf3 24. Re2 Qh4 25. Bxf4 Qxh3+ 0-1

[Event "AUTO-OPEN-1277"]
[Site "http://www.queenalice.com/game.php?id=468567"]
[Date "2008.9.26"]
[Round "1"]
[White "luizantoniosetti"]
[Black "Fugape"]
[Result "1-0"]
[WhiteElo "2137"]
[BlackElo "1385"]

1. d4 Nf6 2. c4 d5 3. cxd5 Nxd5 4. Nc3 Nxc3 5. bxc3 e6 6. e4 c6 7. Bc4 b5 8. Bb3
a5 9. Ne2 a4 10. Bc2 b4 11. Rb1 bxc3 12. Nxc3 Bb4 13. Rxb4 Qa5 14. Rxa4 Qxc3+
15. Bd2 Qxd2+ 16. Qxd2 Rxa4 17. Bxa4 Bd7 18. Qb4 Na6 19. Qd6 1-0

[Event "AUTO-OPEN-1277"]
[Site "http://www.queenalice.com/game.php?id=468568"]
[Date "2008.9.26"]
[Round "1"]
[White "Fugape"]
[Black "luizantoniosetti"]
[Result "0-1"]
[WhiteElo "1397"]
[BlackElo "2132"]

1. e4 e6 2. Nf3 d5 3. Nc3 Nf6 4. d3 dxe4 5. dxe4 Qxd1+ 6. Nxd1 Nxe4 7. Bd3 Nf6
8. O-O Bd6 9. Bg5 O-O 10. Ne3 Nd5 11. Rfe1 f6 12. Nxd5 exd5 13. Bd2 Nc6 0-1

[Event "AUTO-OPEN-1277"]
[Site "http://www.queenalice.com/game.php?id=468587"]
[Date "2008.9.26"]
[Round "1"]
[White "Fugape"]
[Black "thw"]
[Result "0-1"]
[WhiteElo "1409"]
[BlackElo "1909"]

1. b3 e5 2. Bb2 Nc6 3. Nc3 d5 4. Nb5 a6 5. Na3 Be6 6. e3 Nf6 7. Nf3 Qd7 8. c3
Bd6 9. Bd3 e4 10. Bxa6 Rxa6 11. Nb5 O-O 12. Ng5 Bf5 13. Qc2 h6 14. Nxf7 Rxf7 15.
c4 Ne5 16. a4 Nd3+ 17. Kd1 Nxf2+ 18. Kc1 Nxh1 19. c5 Bxc5 20. Kb1 Rc6 21. Qd1
Nf2 22. Qe2 Nd3 23. Ra2 Nxb2 24. Rxb2 Ba3 25. Nxa3 d4 26. Nc4 Rxc4 27. bxc4 dxe3
28. Qxe3 b6 29. Ka2 Qxa4+ 30. Kb1 Qxc4 31. Qf2 Qd3+ 32. Rc2 Qb3+ 33. Kc1 Qa3+
34. Rb2 Qc5+ 35. Qxc5 bxc5 36. Rb8+ Kh7 37. Rb5 Nd7 38. h3 c6 0-1

[Event "AUTO-OPEN-1277"]
[Site "http://www.queenalice.com/game.php?id=468588"]
[Date "2008.9.26"]
[Round "1"]
[White "thw"]
[Black "Fugape"]
[Result "1-0"]
[WhiteElo "1867"]
[BlackElo "1470"]

1. e4 d5 2. exd5 Qxd5 3. Nc3 Qe5+ 4. Be2 b6 5. Nf3 Qf6 6. O-O Qg6 7. Re1 e6 8.
d4 e5 9. Nxe5 Qf6 10. Bb5+ Kd8 11. Bg5 Qxg5 12. Nxf7# 1-0

[Event "AUTO-INT-1050"]
[Site "http://www.queenalice.com/game.php?id=468658"]
[Date "2008.9.26"]
[Round "1"]
[White "Fugape"]
[Black "sia"]
[Result "0-1"]
[WhiteElo "1339"]
[BlackElo "1812"]

1. e4 e6 2. d4 Nc6 3. Nf3 Nf6 4. e5 Nd5 5. Bd3 d6 6. Bb5 a6 7. Ba4 Be7 8. c3 O-O
9. Nbd2 Nf4 10. O-O Nd3 11. exd6 cxd6 12. Ne1 Nxc1 13. Rxc1 b5 14. Bb3 Na5 15.
Bc2 Nc4 16. Nxc4 bxc4 17. Qf3 Rb8 18. b4 cxb3 19. axb3 Bb7 20. Qh3 f5 21. c4 Rf6
22. g4 Rg6 23. f3 Bg5 24. gxf5 Be3+ 0-1

[Event "AUTO-INT-1050"]
[Site "http://www.queenalice.com/game.php?id=468659"]
[Date "2008.9.26"]
[Round "1"]
[White "sia"]
[Black "Fugape"]
[Result "1-0"]
[WhiteElo "1814"]
[BlackElo "1337"]

1. b3 e5 2. Bb2 Nc6 3. g3 Bc5 4. Bg2 Qf6 5. Nf3 d6 6. Nc3 Nh6 7. Ne4 Qf5 8. Nxc5
b6 9. Nh4 Qf6 10. Bxc6+ Ke7 11. Ne4 Qe6 12. Bxa8 Qh3 13. d3 Bf5 14. Nxf5+ Qxf5
15. Bd5 Re8 16. Qd2 c5 17. O-O-O Ng4 18. f3 Nf6 19. Nxf6 Qxf6 20. f4 a5 21. Qe3
h6 22. fxe5 1-0

[Event "AUTO-INT-1050"]
[Site "http://www.queenalice.com/game.php?id=468660"]
[Date "2008.9.26"]
[Round "1"]
[White "Fugape"]
[Black "Wecker"]
[Result "0-1"]
[WhiteElo "1395"]
[BlackElo "1665"]

1. c4 b5 2. Na3 b4 3. Nb5 e5 4. a3 a6 5. axb4 Bxb4 6. e4 Bb7 7. Qb3 Bxd2+ 8.
Bxd2 axb5 9. Rxa8 Bxa8 10. Qxb5 Bxe4 11. Qxe5+ Qe7 12. Qxg7 Bxg2+ 13. Be2 Bxh1
14. Qxh8 Qf8 15. Bf3 Bxf3 16. Nxf3 Nc6 17. Bg5 f6 18. Bh4 Qf7 19. Nd2 Kf8 20.
Ne4 Qxc4 21. Bxf6 Qxe4+ 22. Kf1 Qd3+ 23. Kg1 Qg6+ 24. Kh1 Qxf6 25. Qxh7 Nce7 26.
Qc2 c6 27. b3 Nh6 28. h3 Qh4 29. Kh2 Ng4+ 30. Kg1 Qxh3 31. f3 Qxf3 0-1

[Event "AUTO-INT-1050"]
[Site "http://www.queenalice.com/game.php?id=468661"]
[Date "2008.9.26"]
[Round "1"]
[White "Wecker"]
[Black "Fugape"]
[Result "1-0"]
[WhiteElo "1670"]
[BlackElo "1390"]

1. e4 Nc6 2. d4 e5 3. dxe5 Nxe5 4. Bf4 Bb4+ 5. c3 Bd6 6. Nd2 Nd3+ 7. Bxd3 Bxf4
8. Ngf3 Bg5 9. O-O d6 10. Re1 Nh6 11. Qa4+ Bd7 12. Qb4 Rb8 13. e5 O-O 14. exd6
cxd6 15. Qxd6 Be7 16. Rxe7 Nf5 17. Bxf5 Bxf5 18. Ne4 Bxe4 19. Qxd8 Rbxd8 20.
Rxe4 Rc8 21. Re7 h6 22. Rxb7 a6 23. a4 Rfe8 24. Ra7 Ra8 25. Rxa8 Rxa8 26. b4 a5
27. Nd4 axb4 28. cxb4 g6 29. b5 Rb8 30. a5 Kg7 31. b6 1-0

[Event "AUTO-INT-1050"]
[Site "http://www.queenalice.com/game.php?id=468662"]
[Date "2008.9.26"]
[Round "1"]
[White "Fugape"]
[Black "LeoDZeppelin"]
[Result "0-1"]
[WhiteElo "1343"]
[BlackElo "1636"]

1. e4 e5 2. Bc4 Bc5 3. Bxf7+ Kxf7 4. Qf3+ Qf6 5. Qxf6+ gxf6 6. Nh3 d6 7. O-O
Bxh3 8. gxh3 Nc6 9. Nc3 Nge7 10. Rd1 Nd4 11. Nd5 c6 0-1

[Event "AUTO-INT-1050"]
[Site "http://www.queenalice.com/game.php?id=468663"]
[Date "2008.9.26"]
[Round "1"]
[White "LeoDZeppelin"]
[Black "Fugape"]
[Result "1-0"]
[WhiteElo "1631"]
[BlackElo "1348"]

1. e4 Nc6 2. Bc4 e6 3. d4 Nf6 4. e5 Ne4 5. Qe2 Qh4 6. c3 b6 7. Nf3 Qg4 8. Na3 a6
9. Nc2 Qh5 10. Qxe4 Bb7 11. Bg5 f6 12. exf6 1-0